| 000 | 00666nam a2200205 a 4500 | ||
|---|---|---|---|
| 001 | 5682 | ||
| 003 | CDMR | ||
| 005 | 20131118172641.0 | ||
| 008 | 130130s2010||||sp |||||||||||||||||spa|d | ||
| 020 | _a9788420669403 | ||
| 040 |
_aCDMR _bcat _cCDMR |
||
| 100 | 1 |
_93322 _aMazzoleni, Gianpietro |
|
| 245 | 1 | 3 |
_aLa comunicación política _cGianpietro Mazzoleni ; traducción de Pepa Linares ; revisión técnica de Félix Ortega |
| 260 |
_bAlianza _aMadrid _cDL 2010 |
||
| 300 | _a344 p. | ||
| 650 | 0 | 4 |
_93324 _aComunicació en la política |
| 650 | 0 | 4 |
_92807 _aMitjans de comunicació de massa _xAspectes polítics |
| 650 | 0 | 4 |
_94363 _aCampanyes electorals |
| 942 |
_cMON _2udc |
||
| 999 |
_c5682 _d5682 |
||